<?xml version="1.0" encoding="UTF-8"?>
<record
    xmlns:xsi="http://www.w3.org/2001/XMLSchema-instance"
    xsi:schemaLocation="http://www.loc.gov/MARC21/slim http://www.loc.gov/standards/marcxml/schema/MARC21slim.xsd"
    xmlns="http://www.loc.gov/MARC21/slim">

  <leader>02163njm a2200409Ia 4500</leader>
  <controlfield tag="001">E1333</controlfield>
  <controlfield tag="003">IT-RoPAU</controlfield>
  <controlfield tag="005">20220918181111.0</controlfield>
  <controlfield tag="008">131025s9999    xx            000 0 und d</controlfield>
  <datafield tag="040" ind1=" " ind2=" ">
    <subfield code="a">IT-RoPAU</subfield>
  </datafield>
  <datafield tag="040" ind1=" " ind2=" ">
    <subfield code="c">IT-RoPAU</subfield>
  </datafield>
  <datafield tag="041" ind1=" " ind2=" ">
    <subfield code="a">ITALIANO</subfield>
  </datafield>
  <datafield tag="999" ind1=" " ind2=" ">
    <subfield code="c">99001</subfield>
    <subfield code="d">99001</subfield>
  </datafield>
  <datafield tag="999" ind1=" " ind2=" ">
    <subfield code="b">n.d.</subfield>
  </datafield>
  <datafield tag="100" ind1=" " ind2=" ">
    <subfield code="a">AA.VV.</subfield>
    <subfield code="9">794</subfield>
  </datafield>
  <datafield tag="100" ind1=" " ind2=" ">
    <subfield code="e">Autore musica</subfield>
    <subfield code="9">31444</subfield>
  </datafield>
  <datafield tag="100" ind1=" " ind2=" ">
    <subfield code="g">Codice autore musica SPICS: 12000</subfield>
    <subfield code="9">796</subfield>
  </datafield>
  <datafield tag="245" ind1=" " ind2=" ">
    <subfield code="a">Canzoni</subfield>
  </datafield>
  <datafield tag="250" ind1=" " ind2=" ">
    <subfield code="a">1a ed.</subfield>
  </datafield>
  <datafield tag="260" ind1=" " ind2=" ">
    <subfield code="a">ITALIA</subfield>
  </datafield>
  <datafield tag="260" ind1=" " ind2=" ">
    <subfield code="b">PRESSING S.R.L.</subfield>
    <subfield code="c">1996 [1a Ed.:1996 - Ed. Lingua Orig.: 1996]</subfield>
  </datafield>
  <datafield tag="300" ind1=" " ind2=" ">
    <subfield code="a">COMPACT DISC</subfield>
  </datafield>
  <datafield tag="300" ind1=" " ind2=" ">
    <subfield code="c">57 minuti (Testo:  pag.)</subfield>
  </datafield>
  <datafield tag="500" ind1=" " ind2=" ">
    <subfield code="a">Musica leggera. Canzone italiana.</subfield>
  </datafield>
  <datafield tag="505" ind1=" " ind2=" ">
    <subfield code="a">Ayrton (5:00) - Ayrton (5:00) - Canzone (5:00) - Tu non mi basti mai (5:00) - Domani (5:00) - Ballando ballando (5:00) - Sul mondo (5:00) - Amici (5:00) - Prendimi cos&#xEC; (5:00) - Nun parl&#xE0; (4:00) - Cosa vuol dire una lacrima (4:00) - Goodbye (5:00)</subfield>
  </datafield>
  <datafield tag="650" ind1=" " ind2=" ">
    <subfield code="a">CANZONE ITALIAN [COMPACT DISC]</subfield>
    <subfield code="e">Codice MATERIA SPICS: 9949</subfield>
    <subfield code="9">21937</subfield>
  </datafield>
  <datafield tag="700" ind1=" " ind2=" ">
    <subfield code="a">Dalla Lucio</subfield>
    <subfield code="e">Interprete</subfield>
    <subfield code="g">Codice interprete SPICS: 10843</subfield>
    <subfield code="9">31445</subfield>
  </datafield>
  <datafield tag="700" ind1=" " ind2=" ">
    <subfield code="a">Montevecchi Paolo</subfield>
    <subfield code="e">Autore testo/musica</subfield>
    <subfield code="g">Codice autore testo/musica SPICS: 47108</subfield>
    <subfield code="p">Ayrton</subfield>
    <subfield code="9">31446</subfield>
  </datafield>
  <datafield tag="700" ind1=" " ind2=" ">
    <subfield code="a">Bersani Samuele</subfield>
    <subfield code="e">Autore testo/musica</subfield>
    <subfield code="g">Codice autore testo/musica SPICS: 47111</subfield>
    <subfield code="p">Canzone</subfield>
    <subfield code="9">31447</subfield>
  </datafield>
  <datafield tag="700" ind1=" " ind2=" ">
    <subfield code="a">Dalla Lucio</subfield>
    <subfield code="e">Autore testo/musica</subfield>
    <subfield code="g">Codice autore testo/musica SPICS: 10843</subfield>
    <subfield code="p">Canzone - Tu non mi basti mai - Domani - Ballando ballando - Amici - Prendimi cos&#xEC; - Nun parl&#xE0; - Cosa vuol dire una lacrima - Goodbye</subfield>
    <subfield code="9">31448</subfield>
  </datafield>
  <datafield tag="700" ind1=" " ind2=" ">
    <subfield code="a">Ferro Tullio</subfield>
    <subfield code="e">Autore musica</subfield>
    <subfield code="g">Codice autore musica SPICS: 27678</subfield>
    <subfield code="p">Tu non mi basti mai</subfield>
    <subfield code="9">31449</subfield>
  </datafield>
  <datafield tag="700" ind1=" " ind2=" ">
    <subfield code="a">Laurex</subfield>
    <subfield code="e">Autore testo/musica</subfield>
    <subfield code="g">Codice autore musica SPICS: 26711</subfield>
    <subfield code="p">Domani</subfield>
    <subfield code="9">31450</subfield>
  </datafield>
  <datafield tag="700" ind1=" " ind2=" ">
    <subfield code="a">Messini Angelo</subfield>
    <subfield code="e">Autore testo/musica</subfield>
    <subfield code="g">Codice autore musica SPICS: 47112</subfield>
    <subfield code="p">Ballando ballando</subfield>
    <subfield code="9">31451</subfield>
  </datafield>
  <datafield tag="700" ind1=" " ind2=" ">
    <subfield code="a">Zeuss Leo</subfield>
    <subfield code="e">Autore</subfield>
    <subfield code="g">Codice autore SPICS: 47114</subfield>
    <subfield code="p">Sul mondo</subfield>
    <subfield code="9">31452</subfield>
  </datafield>
  <datafield tag="700" ind1=" " ind2=" ">
    <subfield code="a">Fortuzzi Gianluigi</subfield>
    <subfield code="e">Autore testo/musica</subfield>
    <subfield code="g">Codice autore testo/musica SPICS: 47113</subfield>
    <subfield code="p">Sul mondo</subfield>
    <subfield code="9">31453</subfield>
  </datafield>
  <datafield tag="700" ind1=" " ind2=" ">
    <subfield code="a">Zagni Gabriel</subfield>
    <subfield code="e">Autore</subfield>
    <subfield code="g">Codice autore SPICS: 47115</subfield>
    <subfield code="p">Prendimi cos&#xEC;</subfield>
    <subfield code="9">31454</subfield>
  </datafield>
  <datafield tag="942" ind1=" " ind2=" ">
    <subfield code="c">CD</subfield>
    <subfield code="2">ddc</subfield>
  </datafield>
  <datafield tag="952" ind1=" " ind2=" ">
    <subfield code="0">0</subfield>
    <subfield code="1">0</subfield>
    <subfield code="4">0</subfield>
    <subfield code="6">E_1333_000000000000000</subfield>
    <subfield code="7">1</subfield>
    <subfield code="a">SPICS</subfield>
    <subfield code="b">SPICS</subfield>
    <subfield code="d">2013-10-25</subfield>
    <subfield code="l">0</subfield>
    <subfield code="o">E1333</subfield>
    <subfield code="r">2013-10-25 00:00:00</subfield>
    <subfield code="w">2013-10-25</subfield>
    <subfield code="y">CD</subfield>
    <subfield code="z">Progr. Ins.: 2337 / N.Vol.: 1 / Copie: 1 - Copia rara: n.d. / date import: 01.01.2014 - By Epidotti, Trombetti, Vaglietti</subfield>
  </datafield>
</record>
